|
|
|
|
| LEADER |
00000nab a2200000 a 4500 |
| 001 |
vtls009090585 |
| 003 |
SK-MaSNL |
| 005 |
20260303224355.0 |
| 008 |
070831 2007 xo r r 000 0 slo |
| 038 |
|
|
|a KEVKJB
|
| 040 |
|
|
|a KEVKJB
|b slo
|c KEVKJB
|e AACR2
|
| 041 |
0 |
|
|a slo
|
| 044 |
|
|
|a xo
|c SK
|
| 080 |
|
|
|a 75.071.1
|2 2001
|
| 080 |
|
|
|a 061.4
|2 2001
|
| 245 |
0 |
0 |
|a Imrich Oravecz u Löfflera
|c [autor] kid
|
| 300 |
|
|
|b Obr.
|
| 600 |
1 |
7 |
|a Oravecz, Imrich
|d 1894-1971
|2 kevkjb
|9 104670
|
| 610 |
2 |
7 |
|a Múzeum Vojtecha Löfflera
|2 kevkjb
|9 234955
|
| 650 |
0 |
7 |
|a maliarstvo
|2 kevkjb
|9 812
|
| 650 |
0 |
7 |
|a rodáci
|2 snkbucl
|9 30842
|
| 651 |
|
7 |
|a Košice (Slovensko)
|2 kevkjb
|9 18694
|
| 651 |
|
7 |
|a Veľká Ida (Slovensko)
|2 kevkjb
|9 22667
|
| 651 |
|
7 |
|a Haniska (Košice-okolie, Slovensko)
|2 snkbucl
|9 172174
|
| 651 |
|
7 |
|a Košice-okolie (Slovensko : okres)
|2 kevkjb
|9 146743
|
| 773 |
0 |
|
|t Košický večer
|g Roč. 18(39), č. 35 (31.8.2007), s. 3
|x 1336-5320
|
| 852 |
|
|
|a KEVKJB
|b KIS3GCP
|
| 856 |
4 |
1 |
|u www.korzar.sk
|
| 958 |
|
|
|a BX
|
| 999 |
|
|
|c 2251925
|d 2253855
|